Poesie /

Uloženo v:
Podrobná bibliografie
Hlavní autor: Quasimodo, Salvatore (Autor)
Další autoři: Milanese, Cesare
Médium: Kniha
Jazyk:italština
Vydáno: Roma : Grandi tascabili economici Newton, [1992]
Edice:Grandi tascabili economici ; 141
Tagy: Přidat tag
Žádné tagy, Buďte první, kdo vytvoří štítek k tomuto záznamu!

MARC

LEADER 00000nam a22000007i 4500
001 IT\ICCU\CFI\0255550
003 ItRI
005 20260115231939.0
008 940201s1992 it |||||| ||||| |||||c
020 |a 888183314X (Rist. successive) 
040 |b ita  |c importazione bologna sebina 
041 7 |a ita  |2 ISO-639-2 
082 |a 851.912  |9 POESIA ITALIANA, 1900-1945  |2 23 
100 1 |a Quasimodo, Salvatore  |0 IT\ICCU\CFIV\006167  |4 aut 
245 1 0 |a Poesie /  |c Salvatore Quasimodo ; introduzione e scelta di Cesare Milanese. 
260 |a Roma :  |b Grandi tascabili economici Newton,  |c [1992] 
300 |a 191 p. ;  |c 22 cm 
700 1 |a Milanese, Cesare  |0 IT\ICCU\CFIV\110224 
830 0 |a Grandi tascabili economici ;  |v 141  |0 IT\ICCU\CFI\0133173 
942 |2 ddc  |c BK  |n 0 
952 |0 0  |1 0  |4 0  |6 DOC_851_900000000000000_QUA  |7 0  |9 17522  |a BO  |b BO  |d 2026-01-15  |i 12887  |l 0  |o DOC 851.9 QUA  |p BO12887  |r 2026-01-15 23:19:39  |w 2026-01-15  |x [Sebina 5] [1 v.]  |y BK  |z 1 v. 
999 |c 14944  |d 14944